000 00553nam a22001937a 4500
003 OSt
008 260429b |||||||| |||| 00| 0 eng d
082 _a635.4
_bS48M
100 _aSingh, Kamleshwari Prasad.
245 _aManifestation of Heterosis and Seasonal Adaptability in Bottle Gourd .... (Molina) Standl.
260 _aSabour, Bhagalpur
_bBihar Agricultural College, RAU
_c1993
300 _a143p.
502 _bPh. D.
_d1993
650 _aHorticulture
650 _aBottle Gourd
650 _aThesis
650 _aPh. D.
942 _2ddc
_cT
999 _c50305
_d50305